Score 0/21 Timer 02:30
3 Plays Today
Clue 4-Letter Word % Correct
The opposite of forwardBACK
98.3%
Genre of Aerosmith's musicROCK
91.6%
Place to park a boatDOCK
90.8%
Sequel: 'Suite Life on ____'DECK
90.6%
It can be Morse or ZIPCODE
89.7%
A set of hung clothing in a storeRACK
89.5%
Indy 500 or Kentucky Derby, e.g.RACE
88.7%
Halloween costume necessityMASK
87.1%
Lay out in the sunBASK
85.2%
Prod at with a beakPECK
84.8%
Part in a playROLE
84.5%
Clue 4-Letter Word % Correct
A strong animal aromaMUSK
83.3%
Sprouse who played the final rungCOLE
82%
Character living the 'Suite Life'ZACK
80.3%
Mark from a diseasePOCK
78.4%
Character living the 'Suite Life'CODY
77.4%
Make fun ofMOCK
75.9%
An unhealthy breathing soundRALE
75.8%
Junk or gooMUCK
74%
Be a sign for the futureBODE
50.2%
'I Sing the ___ Electric' - WhitmanBODY
47.6%

Today's Daily Dose

You're not logged in!

Compare scores with friends on all Sporcle quizzes.
OR
Log In

Sporcle TV

Today on Sporcle TV


Watch our educational content, quiz creation guides, and fun videos on Sporcle TV.

Show Comments

Extras

Top Quizzes Today


Score Distribution

Paid Content

Your Account Isn't Verified!

In order to create a playlist on Sporcle, you need to verify the email address you used during registration. Go to your Sporcle Settings to finish the process.

Report this User

Report this user for behavior that violates our Community Guidelines.

Details: